[Event "45th FIDE Chess Olympiad - Women's Sect"]
[Site "Budapest, Hungary"]
[Date "2024.09.12"]
[Round "2.2"]
[White "Kanakova, Natalie"]
[Black "Divya Deshmukh"]
[Result "0-1"]
[WhiteElo "2145"]
[BlackElo "2483"]
[PlyCount "82"]
[EventDate "2024.??.??"]
[WhiteTeam "Czech Republic"]
[BlackTeam "India"]
[WhiteTeamCountry "CZE"]
[BlackTeamCountry "IND"]
[WhiteClock "0:27:37"]
[BlackClock "1:32:03"]

1. e4 c6 2. d4 d5 3. Nc3 dxe4 4. Nxe4 Nf6 5. Nxf6+ exf6 6. Nf3 Bd6 7. Bd3 O-O 8. O-O Bg4 9. c3 Bc7 ({RR} 9... Re8 10. h3 Bh5 11. Bc2 Na6 12. Qd3 Bg6 13. Qd1 Nc7 14. Bxg6 hxg6 15. Nd2 Ne6 16. Nc4 Bc7 17. Qb3 Qd7 18. Bd2 b5 19. Ne3 Nf4 20. Rfe1 Re4 21. Nc2 Nxh3+ 22. Kf1 Qf5 23. f3 Rxe1+ 24. Rxe1 {Sarakauskas,G (2384)-Howell,D (2679) Solihull 2018 0-1}) 10. h3 Bh5 11. Bc2 $146 ({RR} 11. g4 Bg6 12. Bxg6 hxg6 13. Re1 Nd7 14. b3 Nb6 15. Ba3 Re8 16. Rxe8+ Qxe8 17. Qd3 Nd5 18. Re1 Qd7 19. Bc1 Re8 20. Rxe8+ Qxe8 21. c4 Nb4 22. Qd2 Qe4 23. Qxb4 Qxf3 24. Qxb7 Bh2+ 25. Kxh2 Qxf2+ {Strenner,Z (2044)-Bihari,B (1933) Budapest 2015 ½-½}) ({RR} 11. g3 Nd7 12. Be2 Re8 13. Be3 Bxg3 14. fxg3 Rxe3 15. Qd2 Qe7 16. Rae1 Re8 17. Bd1 f5 18. Ne5 Rxe1 19. Rxe1 Bxd1 20. Qxd1 Nf6 21. Qd3 Ne4 22. Rf1 Nd6 23. b3 f6 24. Nf3 Qe3+ 25. Qxe3 Rxe3 {Rossi,A (1643)-Kukushkin,I (1924) Ljubljana SLO 2024 0-1 (36)}) ({RR} 11. g4 Bg6 12. Nh4 Qd6 13. Nf3 Re8 14. Bxg6 hxg6 15. Kg2 Nd7 16. Qd3 Nb6 17. Bd2 Nd5 18. Rae1 a5 19. Rxe8+ Rxe8 20. Re1 Rxe1 21. Bxe1 Nf4+ {0-1 (21) Jorge Bort,E (2156)-Oxley,D Dos Hermanas 2003}) ({RR} 11. Re1 Qd6 12. g4 Bg6 13. Bxg6 fxg6 14. Qb3+ Kh8 15. Re6 Qd7 16. Bd2 Re8 17. Rxe8+ Qxe8 18. Re1 Qd8 19. Qf7 Na6 20. Re7 Qg8 21. Rxc7 Nxc7 22. Qxc7 Qc8 23. Qe7 h5 24. Nh4 Kh7 25. gxh5 Qxh3 {Sosovicka,J (1842)-Zpevakova,K Banska Stiavnica 2015 1-0}) 11... Qd5 12. Qd3 Bg6 13. Qe2 Nd7 14. Bxg6 hxg6 15. Re1 Rfd8 16. c4 Qh5 17. Be3 Nf8 18. Rac1 Ne6 19. Red1 Rd7 20. Rc3 Rad8 21. Rcd3 Qf5 22. Nh4 Qe4 23. Qg4 f5 24. Qxe4 fxe4 25. Rb3 Nxd4 26. Bxd4 Rxd4 27. Rxd4 Rxd4 28. g3 Rxc4 29. Rxb7 Bb6 30. Re7 Rc1+ 31. Kg2 Rc2 32. Re8+ Kh7 33. Rxe4 Rxf2+ 34. Kh1 g5 35. Ng2 Rxb2 36. a4 f5 37. Rc4 Rb1+ 38. Kh2 Bg1+ 39. Kh1 Bf2+ 40. Kh2 Rb3 41. g4 Bg3+ 0-1

[Event "45th FIDE Chess Olympiad - Women's Sect"]
[Site "Budapest, Hungary"]
[Date "2024.09.12"]
[Round "2.6"]
[White "Terbe, Julianna"]
[Black "Wagenschuetz, Evelyn"]
[Result "1/2-1/2"]
[WhiteElo "2245"]
[BlackElo "2036"]
[PlyCount "121"]
[EventDate "2024.??.??"]
[WhiteTeam "Hungary"]
[BlackTeam "Ecuador"]
[WhiteTeamCountry "HUN"]
[BlackTeamCountry "ECU"]
[WhiteClock "0:02:06"]
[BlackClock "0:01:57"]

1. d4 Nf6 2. c4 d5 3. cxd5 Nxd5 4. e4 Nf6 5. Nc3 e6 6. Nf3 Bb4 7. Bd3 h6 ({RR} 7... O-O 8. O-O b6 9. e5 Nd5 10. Bxh7+ Kxh7 11. Ng5+ Kg6 12. Qg4 f5 13. Qg3 f4 14. Bxf4 Kf5 15. Bd2 {1-0 (15) Ivkov,B (2475)-Mayer,R (2265) Oviedo 1992}) ({RR} 7... O-O 8. e5 Nd5 9. O-O Bxc3 10. bxc3 f6 11. c4 Nb4 12. Bb1 f5 13. d5 exd5 14. Bg5 Qd7 15. a3 N4c6 16. cxd5 Nd8 17. Ba2 Kh8 18. e6 Nxe6 19. dxe6 Qxd1 20. Raxd1 Re8 21. e7 Nc6 22. Bf7 {Wei Yi (2762)-Bugubayev,S (1411) Almaty KAZ 2024 1-0}) 8. O-O c5 $146 ({RR} 8... O-O 9. Qe2 b6 10. e5 Nd5 11. Qe4 g6 12. Bxh6 Re8 13. Bg5 Be7 14. Qh4 Kg7 15. Qh6+ Kg8 16. Nxd5 exd5 17. Bxg6 fxg6 18. Qxg6+ Kh8 19. Bf6+ Bxf6 20. exf6 Qd7 21. f7 {1-0 (21) Croad,N (2312)-Burns,G Wellington 2016}) ({RR} 8... O-O 9. Bc2 b6 10. e5 Nd5 11. Nxd5 Qxd5 12. a3 Be7 13. Qd3 g6 14. Qe3 c6 15. Qxh6 {1-0 (15) Morea,G (1883)-Silaghi,M (1551) Calimanesti 2013}) ({RR} 8... Nbd7 9. e5 Ng8 10. Ne4 Ne7 11. a3 Ba5 12. Ng3 Nd5 13. Bc2 Bb6 14. Qd3 Qe7 15. Re1 Nf8 16. Nh5 Rg8 17. Bd2 Bd7 18. b4 O-O-O 19. Rab1 a6 20. a4 Kb8 21. b5 a5 22. Bb3 Bc8 23. Nf4 {Rukavina,J (2435)-Gradiser,D (2028) Rijeka 2009 1-0 (43)}) 9. e5 Nd5 10. Ne4 cxd4 11. Nxd4 Nd7 12. Qg4 Nxe5 13. Qxg7 Ng6 14. Nd6+ Bxd6 15. Bxg6 Rf8 16. Re1 Qf6 17. Qxf6 Nxf6 18. Bd3 Bd7 19. g3 Bb4 20. Rd1 h5 21. Nb5 Nd5 22. a3 Bc5 23. b4 Be7 24. Bb2 a6 25. Nc3 Bc6 26. Nxd5 Bxd5 27. Be5 Rc8 28. h4 Bf3 29. Re1 Rg8 30. Re3 Bd5 31. Kh2 f6 32. Bb2 Kf7 33. Rc1 Rc6 34. Rxc6 Bxc6 35. Be2 Rh8 36. f4 Bd5 37. Rc3 Bd6 38. Rc2 Ke7 39. Rd2 Rh7 40. Bd4 Rh8 41. Kg1 Rh7 42. Kf2 Rh8 43. Bb6 Rh7 44. Rc2 Kd7 45. Bc5 Rh8 46. Bd4 Ke7 47. Rd2 Rh7 48. Rd3 Rh8 49. Re3 Rh7 50. Ke1 Rh8 51. Kd2 Kf7 52. Bb6 Kg6 53. Bd3+ Kf7 54. Bc2 Rc8 55. Ba4 Rg8 56. Ke1 Rc8 57. Bd1 Kg6 58. Kd2 Rc6 59. Bd4 Rc4 60. Bc2+ Kf7 61. Bb6 1/2-1/2

[Event "45th FIDE Chess Olympiad - Women's Sect"]
[Site "Budapest, Hungary"]
[Date "2024.09.12"]
[Round "2.7"]
[White "Vasquez Ramirez, Rocio"]
[Black "Papp, Petra"]
[Result "0-1"]
[WhiteElo "1981"]
[BlackElo "2259"]
[PlyCount "108"]
[EventDate "2024.??.??"]
[WhiteTeam "Ecuador"]
[BlackTeam "Hungary"]
[WhiteTeamCountry "ECU"]
[BlackTeamCountry "HUN"]
[WhiteClock "0:07:19"]
[BlackClock "0:18:53"]

1. e4 c6 2. d4 d5 3. e5 Bf5 4. Nf3 e6 5. h3 c5 6. c3 Nc6 7. Bd3 Bxd3 8. Qxd3 Rc8 $146 ({RR} 8... Qb6 9. O-O cxd4 10. cxd4 Nge7 11. Nc3 Nf5 12. Rd1 Be7 13. Nxd5 Qd8 14. Ne3 Nxe3 15. Bxe3 O-O 16. Rac1 Qd5 17. a3 Rfd8 18. Rc4 Qb5 19. Rc2 Qxd3 20. Rxd3 Rd5 21. Rb3 Na5 22. Rbc3 Nc6 23. b4 {Assis,E-Walecki,A Campo Mourao 2011 0-1 (59)}) ({RR} 8... Qb6 9. O-O Nge7 10. dxc5 Qxc5 11. Be3 Qa5 12. Nbd2 Nf5 13. Nb3 Qc7 14. Bf4 Be7 15. Rae1 O-O 16. Bg5 h6 17. g4 Nfd4 18. cxd4 hxg5 19. Rc1 g6 20. a3 Kg7 21. Qe3 Qd8 22. Nc5 Na5 23. Nd2 {Jozic,V (1793)-Batinic,J (1969) Sveti Vid 2012 0-1 (63)}) ({RR} 8... Qb6 9. O-O Rc8 10. dxc5 Bxc5 11. b4 Bxb4 12. cxb4 Nxb4 13. Qb3 Nc2 14. Qxb6 axb6 15. Bb2 Nxa1 16. Bxa1 Ne7 17. Nc3 O-O 18. Rb1 Rc6 19. Nd4 Rc4 20. Ncb5 Rfc8 21. Bb2 Ra8 22. Nd6 Rc5 23. a3 {Muzikantova,V (2030)-Dvorakova,M Frydek Mistek 1997 ½-½ (33)}) 9. O-O cxd4 10. cxd4 Nb4 11. Qb5+ Qd7 12. Nc3 Qxb5 13. Nxb5 a6 14. Nc3 Ne7 15. a3 Nbc6 16. Na4 b5 17. Nc3 Na5 18. g4 h6 19. Kg2 Kd7 20. Ne2 Ng6 21. b4 Rc2 22. bxa5 Rxe2 23. Be3 Rc2 24. Rfc1 Rxc1 25. Bxc1 Be7 26. Bd2 Rc8 27. a4 bxa4 28. Rxa4 Rc4 29. Ra2 Bd8 30. Be3 Ne7 31. Ne1 Nc6 32. Nd3 Be7 33. Rb2 Nb4 34. Nc1 Rc2 35. Rb1 Kc6 36. Nb3 Nd3 37. Na1 Rb2 38. Rd1 Nb4 39. Rc1+ Kd7 40. Rc3 Ra2 41. Nb3 Rc2 42. Rxc2 Nxc2 43. Kf3 Kc6 44. Ke2 Kb5 45. Kd3 Nb4+ 46. Kc3 Nc6 47. f4 Nxa5 48. Nxa5 Kxa5 49. f5 Bf8 50. h4 g6 51. f6 h5 52. gxh5 gxh5 53. Kb3 Kb5 54. Bc1 Bb4 0-1

[Event "45th FIDE Chess Olympiad - Women's Sect"]
[Site "Budapest, Hungary"]
[Date "2024.09.12"]
[Round "2.8"]
[White "Lazarne Vajda, Szidonia"]
[Black "Miranda Vargas, Analia Karen"]
[Result "1-0"]
[WhiteElo "2283"]
[BlackElo "1891"]
[PlyCount "85"]
[EventDate "2024.??.??"]
[WhiteTeam "Hungary"]
[BlackTeam "Ecuador"]
[WhiteTeamCountry "HUN"]
[BlackTeamCountry "ECU"]
[WhiteClock "0:05:55"]
[BlackClock "0:00:35"]

1. d4 Nf6 2. Bf4 c5 3. d5 d6 4. c4 ({RR} 4. Nc3 a6 5. a4 e5 6. Bd2 e4 7. h3 h5 8. Bf4 Bf5 9. e3 Nbd7 10. a5 h4 11. Nge2 Ne5 12. Nc1 Nfd7 13. Nb3 Bg6 14. Nd2 f5 15. f3 exf3 16. gxf3 Bh5 17. Rg1 Nf7 18. Be2 Qf6 {Carlsen,M (2863)-Nepomniachtchi,I (2784) chess24.com INT 2020 1-0 (56)}) 4... b5 5. cxb5 ({RR} 5. Nc3 bxc4 6. e4 g6 7. Bxc4 Bg7 8. Qd2 Nbd7 9. a4 Rb8 10. Rb1 Qa5 11. Nf3 Nh5 12. Nb5 Qxd2+ 13. Bxd2 Nb6 14. b3 Nxc4 15. bxc4 O-O 16. Ke2 a6 17. Na7 Bd7 18. a5 f5 19. exf5 gxf5 {Froewis,A (2075)-Kruckenhauser,A (2340) Innsbruck AUT 2024 ½-½ (58)}) 5... a6 6. bxa6 Qb6 $146 ({RR} 6... Bxa6 7. Nc3 g6 8. Nf3 Bg7 9. e3 O-O {½-½ (9) Manay,G (1920)-Quabach,J (1719) Nordrheinwestfalen 2017}) ({RR} 6... Bxa6 7. Nc3 g6 8. Qd2 Bg7 9. Bh6 O-O 10. Bxg7 Kxg7 11. g3 Nbd7 12. Nf3 Rb8 13. Bg2 Qb6 14. Rb1 Qa5 15. O-O Nb6 16. Rfd1 Nc4 17. Qc2 Rb7 18. Nd2 Rfb8 19. Nxc4 Bxc4 20. b3 Bb5 21. Bf1 {Jacobs,H-Michels,F Reil an der Mosel 2016 0-1 (48)}) ({RR} 6... Nbd7 7. Nc3 g6 8. Nf3 Bg7 9. e3 O-O 10. h3 Qb6 11. Rb1 Bxa6 12. Bxa6 Qxa6 13. Qe2 Rfb8 14. Qxa6 Rxa6 15. Nd2 Nb6 16. e4 Na4 17. O-O Nh5 18. Bg5 Kf8 19. g4 Nf6 20. Nc4 Rb4 21. Nxa4 {Laohawirapap,P (2178)-Durarbayli,V (2612) chess.com INT 2022 0-1 (50)}) 7. Bc1 Bxa6 8. Nc3 Nbd7 9. Nf3 g6 10. e4 Bxf1 11. Kxf1 Bg7 12. g3 O-O 13. Kg2 Qb4 14. Qc2 Rfb8 15. Re1 Ng4 16. Re2 Qc4 17. Nd1 Nge5 18. Nxe5 Qxc2 19. Rxc2 Nxe5 20. Bd2 Nd3 21. a4 Nxb2 22. Nxb2 Bxb2 23. Rb1 Bd4 24. Rxb8+ Rxb8 25. a5 Kf8 26. Ra2 Ke8 27. a6 Kd7 28. Ba5 c4 29. Ra4 Rb5 30. Bd2 Ba7 31. Rxc4 e6 32. Rb4 Rb6 33. Rxb6 Bxb6 34. Kf3 Kc7 35. Bb4 Bd4 36. Ke2 Bb6 37. f3 Bd4 38. Kd3 Bg1 39. h3 Bf2 40. g4 Bb6 41. Kc4 Be3 42. Kb5 Bf4 43. Ba5+ 1-0

[Event "45th FIDE Chess Olympiad - Women's Sect"]
[Site "Budapest, Hungary"]
[Date "2024.09.12"]
[Round "2.11"]
[White "Milovic, Aleksandra"]
[Black "Khotenashvili, Bella"]
[Result "0-1"]
[WhiteElo "2121"]
[BlackElo "2432"]
[PlyCount "116"]
[EventDate "2024.??.??"]
[WhiteTeam "Montenegro"]
[BlackTeam "Georgia"]
[WhiteTeamCountry "MNE"]
[BlackTeamCountry "GEO"]
[WhiteClock "0:03:33"]
[BlackClock "0:06:49"]

1. e4 c6 2. d4 d5 3. Nc3 dxe4 4. Nxe4 Bf5 5. Ng3 Bg6 6. Nf3 Nd7 7. h4 h6 8. h5 Bh7 9. Bd3 Bxd3 10. Qxd3 e6 11. Bf4 Bb4+ 12. c3 Be7 13. Ne4 Ndf6 14. Ne5 Nxe4 15. Qxe4 Nf6 16. Qe2 Qd5 17. O-O $146 ({RR} 17. f3 O-O 18. g4 c5 19. g5 hxg5 20. Bxg5 cxd4 21. Rd1 Bd6 22. Bf4 Bxe5 23. Bxe5 Nd7 24. Bxg7 Kxg7 25. Rxd4 Qf5 26. Rxd7 Rad8 27. Rxd8 Rxd8 28. Qe4 Rd5 29. Qxf5 Rxf5 30. h6+ Kh7 31. Ke2 Rf6 {Otchiyev,A (2230)-Bets,A (2309) Donetsk 2009 1-0 (53)}) ({RR} 17. f3 Nd7 18. Ng4 Bg5 19. Ne3 Qb5 20. Qxb5 cxb5 21. Bxg5 hxg5 22. Kf2 Nf6 23. a4 bxa4 24. Rxa4 Kd7 25. Rb4 Kc7 26. Rc4+ Kd7 27. g4 Rac8 28. Rb4 Rc7 29. Rb5 g6 30. Rxg5 gxh5 31. gxh5 Ke7 {Szamoskozi,G (2245)-Radnoti,G (2105) Hungary 2006 1-0 (54)}) 17... O-O 18. Rfd1 Rad8 19. c4 Qe4 20. Qxe4 Nxe4 21. Rd3 Bd6 22. Rad1 Nf6 23. Rh3 c5 24. Rhd3 cxd4 25. Rxd4 Bc7 26. Rxd8 Rxd8 27. Rxd8+ Bxd8 28. g4 Bb6 29. b4 Bd4 30. b5 Kf8 31. Nf3 Bc5 32. Ne5 Ke7 33. g5 Nxh5 34. gxh6 gxh6 35. Bxh6 Bd4 36. Nf3 Bc5 37. Kf1 f5 38. Ke2 f4 39. Bg5+ Kd6 40. Ne1 e5 41. Nd3 Bd4 42. Kf3 Ng7 43. Ke4 Ne6 44. Bf6 Nc5+ 45. Nxc5 Kxc5 46. Bxe5 Bxf2 47. Kd3 f3 48. Bb8 b6 49. Bxa7 Bd4 50. a4 f2 51. Ke2 Kb4 52. Bb8 Bc5 53. Bg3 Kxa4 54. Bxf2 Bxf2 55. Kxf2 Kb4 56. Ke3 Kxc4 57. Kd2 Kxb5 58. Kc3 Ka4 0-1

[Event "45th FIDE Chess Olympiad - Women's Sect"]
[Site "Budapest, Hungary"]
[Date "2024.09.12"]
[Round "2.12"]
[White "Melia, Salome"]
[Black "Koljevic, Nikolina"]
[Result "0-1"]
[WhiteElo "2293"]
[BlackElo "2030"]
[PlyCount "74"]
[EventDate "2024.??.??"]
[WhiteTeam "Georgia"]
[BlackTeam "Montenegro"]
[WhiteTeamCountry "GEO"]
[BlackTeamCountry "MNE"]
[WhiteClock "0:00:37"]
[BlackClock "0:01:48"]

1. e4 c5 2. Nf3 d6 3. d4 cxd4 4. Nxd4 Nf6 5. Nc3 Nc6 6. Bg5 e6 7. Qd2 a6 8. O-O-O Bd7 9. f3 Nxd4 10. Qxd4 h6 11. Be3 Bc6 12. g4 ({RR} 12. h4 d5 13. e5 Nd7 14. f4 g6 15. Be2 Qc7 16. Bf3 h5 17. Kb1 O-O-O 18. Ne2 Bb5 19. Qd2 Nb6 20. b3 Bxe2 21. Qxe2 Bc5 22. Rd3 Kb8 23. Rhd1 Bxe3 24. Qxe3 Rc8 25. R1d2 Qc5 {½-½ (25) Kovacevic,A (2453)-Arsovic,Z (2362) Paracin SRB 2024}) 12... d5 13. e5 Nd7 14. Be2 $146 ({RR} 14. f4 Bc5 15. Qd2 d4 16. Bxd4 Bxd4 17. Bg2 Bxc3 18. bxc3 Bxg2 19. Qxg2 Qc7 20. f5 O-O-O 21. fxe6 fxe6 22. Rde1 Qxc3 {0-1 (22) Liyanage,R (2203)-Vokhidov,S (2530) Chess.com INT 2021}) ({RR} 14. Qf4 Qc7 15. Bd4 f6 16. Re1 Be7 17. h4 Rf8 18. Bd3 fxe5 19. Bxe5 Nxe5 20. Qxe5 Qxe5 21. Rxe5 Kd7 22. g5 Bd6 23. Re2 Rxf3 24. gxh6 Bf4+ 25. Kd1 Bxh6 26. Rhe1 Rf6 27. b4 Kd6 28. a4 Rc8 {Plotnikov,P (2297)-Vokhidov,S (2536) Chess.com INT 2022 0-1 (36)}) ({RR} 14. Qf4 Qg5 15. Qxg5 hxg5 16. Bd4 Bc5 17. Bxc5 Nxc5 18. Ne2 Nd7 19. Nd4 Nxe5 20. Re1 Ng6 21. Bd3 Nf4 22. Re5 f6 23. Ree1 Kf7 24. Ne2 Rh3 25. Nxf4 gxf4 26. g5 fxg5 27. Re5 Kf6 28. Rhe1 Bd7 {Khanin,S (2509)-Jacobson,B (2532) Chess.com INT 2022 0-1 (35)}) 14... Bc5 15. Qd2 Bxe3 16. Qxe3 Qc7 17. f4 d4 18. Qxd4 Bxh1 19. Rxh1 Rc8 20. h4 b5 21. a3 Ke7 22. Kb1 Rhd8 23. g5 Nc5 24. Qb4 a5 25. Qxb5 Rd4 26. gxh6 gxh6 27. Bf3 Rxf4 28. Qe2 Nd7 29. Re1 Rb8 30. Bd5 Qxc3 31. Bb3 Qc5 32. Qd2 Rf2 33. Qd3 Nxe5 34. Qg3 Rf5 35. Qg7 Nc4 36. Qxh6 a4 37. Bxc4 Qxc4 0-1

[Event "45th FIDE Chess Olympiad - Women's Sect"]
[Site "Budapest, Hungary"]
[Date "2024.09.12"]
[Round "2.13"]
[White "Kashlinskaya, Alina"]
[Black "Librelato, Kathie Goulart"]
[Result "1-0"]
[WhiteElo "2490"]
[BlackElo "2181"]
[PlyCount "55"]
[EventDate "2024.??.??"]
[WhiteTeam "Poland"]
[BlackTeam "Brazil"]
[WhiteTeamCountry "POL"]
[BlackTeamCountry "BRA"]
[WhiteClock "0:05:34"]
[BlackClock "0:00:48"]

1. d4 {Krasenkow,Michal} d5 2. c4 e6 3. Nc3 c6 4. e4 dxe4 5. Nxe4 c5 6. Be3 $146 ({RR} 6. d5 exd5 7. cxd5 Bf5 8. Nc3 Nf6 9. Qa4+ Qd7 10. Bb5 Nc6 11. dxc6 Qe6+ 12. Nge2 b6 13. O-O Bh3 14. Nf4 Qe5 15. Nxh3 Ng4 16. Qxg4 {1-0 (16) Kaliuzhny,P-Nagornyy,D Nikolaev 2007}) ({RR} 6. Nxc5 Nc6 ({RR} 6... Bxc5 7. dxc5 Qxd1+ 8. Kxd1 Nf6 9. Be2 Bd7 10. Be3) 7. Nf3 ({RR} 7. Nb3 a5 8. a4 Bb4+ 9. Bd2 Nxd4 10. Bxb4 Nxb3 11. Qxb3 ({RR} 11. Qxd8+ Kxd8 12. Rd1+ Ke8 13. Bd6 Bd7) 11... Qb6) 7... Nxd4 8. Qxd4 Qxd4 9. Nxd4 Bxc5 10. Nb5 Ke7 11. Bd2 ({RR} 11. Nc7 Rb8 12. Bf4 Bb4+ 13. Ke2 Bd6 14. Bxd6+ Kxd6 15. Nb5+ Kc5 ({RR} 15... Ke7 16. Nxa7 Bd7 17. a4) 16. Nxa7 ({RR} 16. Rd1) 16... Bd7 17. Ke1) 11... Bd7 12. b4 Bxb5 13. cxb5 Bd6 14. g3 Rc8 ({RR} 14... Nf6 15. Bg2 Nd5) 15. Bg2 b6 16. Ke2 Nh6 17. Rac1 Nf5 18. Bc3 f6 19. f4 h5 20. Bc6 Rcd8 {Caruana,F (2784)-Kramnik,V (2800) Berlin 2018 CBM 184 [Krasenkow,Michal] ½-½ (40)}) ({RR} 6. dxc5 Qxd1+ 7. Kxd1 Nf6 8. Nd6+ Bxd6 9. cxd6 Ne4 10. Be3 Nxd6 11. Nf3 Nc6 12. Kc2 O-O 13. Bc5 Rd8 14. Rd1 Nf5 15. Rxd8+ Nxd8 16. g4 Nh6 17. h3 b6 18. Be3 Bb7 19. Bg2 Rc8 20. b3 Be4+ {Gschnitzer,A (2431)-Gruca,M (2198) chess.com INT 2024 1-0 (48)}) ({RR} 6. Nf3 cxd4 7. Qxd4 Bb4+ 8. Bd2 Qxd4 9. Nxd4 Bxd2+ 10. Kxd2 Nf6 11. Nxf6+ gxf6 12. Nb5 Na6 13. Be2 Bd7 14. Bf3 Bxb5 15. cxb5 O-O-O+ 16. Ke2 Nb4 17. Rhd1 Rxd1 18. Rxd1 Re8 19. Rd4 Nxa2 20. Ra4 Nc1+ {Maderna,C-Olivera,A Mar del Plata 1948 1-0}) ({RR} 6. Nf3 Nc6 7. dxc5 Qxd1+ 8. Kxd1 Bd7 9. Nd6+ Bxd6 10. cxd6 Nf6 11. Bd3 O-O 12. Re1 Ng4 13. Re2 Nb4 14. Bb1 Rac8 15. a3 Ba4+ 16. Ke1 Na6 17. Bc2 Bc6 18. h3 Bxf3 19. gxf3 Nf6 20. b3 Rfd8 {Borkenhagen,A (1855)-Gottschalk,M Germany 1996 1-0 (32)}) 6... cxd4 7. Bxd4 Nc6 8. Bc3 Qxd1+ 9. Rxd1 e5 10. c5 Be6 11. Bb5 Nf6 12. Nxf6+ gxf6 13. b4 Rg8 14. Ne2 a5 15. bxa5 Bd7 16. Ng3 Bxc5 17. Ne4 Be7 18. O-O Rg6 19. Nd6+ Bxd6 20. Rxd6 f5 21. Rd5 Ke7 22. Bb4+ Nxb4 23. Rxd7+ Kf8 24. Bc4 Rxa5 25. Rxf7+ Ke8 26. Rxb7 Nd5 27. Rd1 Rb6 28. Rxd5 1-0

[Event "45th FIDE Chess Olympiad - Women's Sect"]
[Site "Budapest, Hungary"]
[Date "2024.09.12"]
[Round "2.14"]
[White "Alboredo, Julia"]
[Black "Maltsevskaya, Aleksandra"]
[Result "0-1"]
[WhiteElo "2127"]
[BlackElo "2404"]
[PlyCount "80"]
[EventDate "2024.??.??"]
[WhiteTeam "Brazil"]
[BlackTeam "Poland"]
[WhiteTeamCountry "BRA"]
[BlackTeamCountry "POL"]
[WhiteClock "0:01:27"]
[BlackClock "0:21:18"]

1. e4 c6 2. d4 d5 3. exd5 cxd5 4. Bd3 Nf6 5. c3 Bg4 6. Qb3 Qc7 7. Ne2 Bxe2 8. Bxe2 e6 9. O-O ({RR} 9. Nd2 Bd6 10. Nf3 Nc6 11. g3 h5 12. Be3 O-O-O 13. O-O-O Na5 14. Qc2 Nc4 15. Bg5 Kb8 16. Bxc4 Qxc4 17. Ne5 Qc7 18. Kb1 Rc8 19. Bf4 Rhd8 20. Rhe1 Ka8 21. Qe2 a6 22. Rc1 Bxe5 23. Bxe5 Qe7 {Carlsen,M (2847)-Ding,L (2799) chess24.com INT 2021 ½-½ (39)}) 9... Bd6 10. f4 ({RR} 10. h3 O-O 11. Nd2 Nbd7 12. Nf3 Rab8 13. Bd3 b5 14. Re1 b4 15. c4 dxc4 16. Bxc4 Nb6 17. Bd3 a5 18. Bg5 Nfd5 19. Rac1 Qa7 20. Ne5 Bxe5 21. dxe5 Rfc8 22. Bb1 Nd7 23. Be4 Nc5 24. Qc2 h6 {Guzman,C (2223)-Janik,I (2502) chess.com INT 2024 1-0 (49)}) 10... O-O $146 ({RR} 10... g6 11. Nd2 Nc6 12. Nf3 Ne4 13. Ne5 O-O 14. Bd3 f5 15. Be3 Rac8 16. Qd1 Rfd8 17. Qe2 Qb6 18. Kh1 a6 19. g4 Qc7 20. Rg1 Rf8 21. gxf5 exf5 22. Nxg6 hxg6 23. Rxg6+ Kf7 24. Qh5 Ke8 25. Rxd6+ {Oliveira,S (2280)-Mchedlishvili,M (2570) Chess.com INT 2020 ½-½ (79)}) 11. Bd3 Nc6 12. Qd1 Ne4 13. Bxe4 dxe4 14. Qe2 f5 15. Be3 Ne7 16. g3 Nd5 17. Nd2 b5 18. a4 a6 19. h4 Qc6 20. Ra2 bxa4 21. Nc4 Rab8 22. Nxd6 Qxd6 23. Rxa4 Nxe3 24. Qxe3 Rxb2 25. Rf2 Rfb8 26. Ra2 Rxa2 27. Rxa2 Rb1+ 28. Kh2 Qc6 29. h5 Rb3 30. Rc2 a5 31. h6 a4 32. d5 exd5 33. Qd4 Qxh6+ 34. Kg2 Qc6 35. c4 a3 36. Rd2 h6 37. cxd5 Qg6 38. Qf2 e3 39. Qf3 exd2 40. Qxb3 Qg4 0-1

[Event "45th FIDE Chess Olympiad - Women's Sect"]
[Site "Budapest, Hungary"]
[Date "2024.09.12"]
[Round "2.15"]
[White "Kiolbasa, Oliwia"]
[Black "Tamarozi, Isabelle"]
[Result "1-0"]
[WhiteElo "2348"]
[BlackElo "2059"]
[PlyCount "63"]
[EventDate "2024.??.??"]
[WhiteTeam "Poland"]
[BlackTeam "Brazil"]
[WhiteTeamCountry "POL"]
[BlackTeamCountry "BRA"]
[WhiteClock "0:06:00"]
[BlackClock "0:01:01"]

1. e4 c5 2. Nf3 Nc6 3. Bb5 g6 4. Bxc6 bxc6 5. d4 cxd4 6. Qxd4 f6 7. O-O Bg7 8. c4 Nh6 9. c5 Nf7 10. Nc3 O-O 11. Qc4 $146 ({RR} 11. Rd1 Rb8 12. Rb1 Qc7 13. Qc4 Kh8 14. Be3 g5 15. b4 g4 16. Nd4 Ne5 17. Qe2 e6 18. b5 Qa5 19. Rb3 cxb5 20. Ndxb5 Ba6 21. a4 f5 22. exf5 exf5 23. Bf4 Rbe8 24. Qc2 Ng6 25. Bc7 Bxc3 {Neiksans,A (2571)-Kupervaser,E (2371) Chess.com INT 2021 1-0 (34)}) ({RR} 11. Rd1 Qc7 12. Qa4 Rb8 13. b3 a5 {½-½ (13) Kraus,T (2491)-Jirovsky,M (2460) Czech Republic CZE 2024}) 11... Qa5 12. b4 Ba6 13. Qb3 Qc7 14. Rd1 Rab8 15. Be3 Kh8 16. a4 Bc8 17. b5 d6 18. b6 Qd7 19. a5 a6 20. Rac1 Qg4 21. Nd4 Ne5 22. h3 Qh5 23. Nce2 dxc5 24. Nf4 Qh4 25. Rxc5 g5 26. Nfe6 Rg8 27. Nxg7 Rxg7 28. Rxe5 fxe5 29. Nxc6 Rg8 30. Qd5 Bxh3 31. Qxe5+ Rg7 32. Qxb8+ 1-0

[Event "45th FIDE Chess Olympiad - Women's Sect"]
[Site "Budapest, Hungary"]
[Date "2024.09.12"]
[Round "2.16"]
[White "Dias, Clara"]
[Black "Sliwicka, Alicja"]
[Result "0-1"]
[WhiteElo "1954"]
[BlackElo "2373"]
[PlyCount "130"]
[EventDate "2024.??.??"]
[WhiteTeam "Brazil"]
[BlackTeam "Poland"]
[WhiteTeamCountry "BRA"]
[BlackTeamCountry "POL"]
[WhiteClock "0:00:42"]
[BlackClock "0:04:09"]

1. e4 {Schussler,Harry} e5 2. Nf3 Nc6 3. Bc4 Nf6 4. d3 Be7 5. c3 O-O 6. O-O d5 7. exd5 Nxd5 8. Re1 Bg4 9. Nbd2 Nb6 ({RR} 9... Kh8 10. a4 ({RR} 10. h3) 10... f6 11. a5 Rb8 12. Nf1 Be6 13. Qa4 a6 14. Bxa6 Nxa5 15. Qxa5 Ra8 16. Qb5 Nb6 17. Be3 Bd7 18. Qb3 bxa6 19. d4 e4 20. N3d2 f5 21. d5 Rb8 22. Qa2 Bf6 23. Rad1 Na4 24. Nc4 {Yudasin,L (2645)-Ivanchuk,V (2695) Riga 1991 Candidates [Schussler,Harry] 0-1 (36)}) 10. h3 ({RR} 10. Bb5 f6 11. h3 Bh5 12. Ne4 Kh8 13. Ng3 Bg6 14. d4 exd4 15. Bxc6 bxc6 16. Nxd4 c5 17. Ne6 Qxd1 18. Rxd1 Rfc8 19. Bf4 Nc4 20. Nxc7 Nxb2 21. Rd7 Bf8 22. Nxa8 Rxa8 23. h4 h6 24. h5 Be8 {Volkov,M (2271)-Navarrete Mendez,G (2189) chess.com INT 2024 1-0 (39)}) 10... Nxc4 $146 ({RR} 10... Bh5 11. b3 Nxc4 12. Nxc4 f6 13. Bb2 Qd5 14. Re3 Rad8 15. Rc1 f5 16. Rc2 e4 17. g4 fxg4 18. Nh2 exd3 19. Rd2 gxh3 20. Qf1 Qg5+ 21. Kh1 Bc5 22. Re1 Bf3+ 23. Nxf3 Rxf3 24. Red1 Qd5 25. Kh2 {Oliver Ballestero,D-Lopez Suarez,M (1757) Havana 2018 0-1 (32)}) ({RR} 10... Bh5 11. Bb5 f6 12. Ne4 Qd5 13. Bxc6 Qxc6 14. Ng3 Bxf3 15. Qxf3 Qxf3 16. gxf3 Bd6 17. Ne4 Nd5 18. Bd2 Be7 19. a3 Rad8 20. Rad1 Rd7 21. d4 exd4 22. cxd4 Rfd8 23. Be3 c6 24. Ng3 g6 25. Rd3 {Todev,S (1703)-Deuer,M (2209) Tornelo INT 2020 0-1 (50)}) ({RR} 10... Bh5 11. Qe2 Nxc4 12. Nxc4 f6 13. Be3 Qd7 14. Rad1 Rad8 15. b4 b5 16. Ncd2 Qxd3 17. Qxd3 Rxd3 18. Ne4 Rfd8 19. Rxd3 Rxd3 20. Rc1 Bg6 21. Nc5 Bxc5 22. Bxc5 Bf7 23. a3 Bd5 24. Be3 Bxf3 25. gxf3 {Rosen,E (2353)-Kashlinskaya,A (2494) Chess.com INT 2020 ½-½ (44)}) 11. Nxc4 Bxf3 12. Qxf3 Bf6 13. a4 Qd7 14. Bh6 Rfe8 15. Rad1 Qe6 16. Bc1 Rad8 17. Nd2 Qa2 18. Ne4 Be7 19. Qg4 g6 20. Ng3 Kh8 21. Bh6 Qxb2 22. Qc4 Kg8 23. Re3 Rd6 24. Ne4 Re6 25. Rf3 Qb6 26. Bg5 Na5 27. Qa2 Qb3 28. Qxb3 Nxb3 29. Rb1 Na5 30. Bf6 Bd8 31. Rb5 b6 32. Rd5 Nc6 33. Rd7 Be7 34. Rxc7 Kf8 35. Ng5 Bxf6 36. Nxh7+ Kg7 37. Nxf6 R8e7 38. Rxe7 Nxe7 39. Ne4 f5 40. Ng5 Rc6 41. c4 Rd6 42. Re3 Nc6 43. f4 exf4 44. Ne6+ Kf7 45. Nxf4 Nb4 46. h4 Rd4 47. g3 Nc2 48. Re2 Nb4 49. Rd2 a5 50. Kf2 Rd8 51. d4 Rc8 52. c5 bxc5 53. dxc5 Rxc5 54. Rd7+ Ke8 55. Rg7 Rc2+ 56. Kf3 Rc3+ 57. Kg2 Nc2 58. Rxg6 Ne3+ 59. Kg1 Ng4 60. Ne2 Ra3 61. h5 Kf7 62. Ra6 Rxa4 63. Kg2 Ra2 64. Kf3 a4 65. Nd4 Rf2# 0-1